| 000 | 00545nam a2200181Ia 4500 | ||
|---|---|---|---|
| 999 |
_c27332 _d27332 |
||
| 003 | OSt | ||
| 005 | 20260305114709.0 | ||
| 008 | 190216s9999||||xx |||||||||||||| ||und|| | ||
| 020 | _a9788126409792 | ||
| 040 | _coclc | ||
| 082 |
_a894.8123 _bNAI/P |
||
| 100 | 1 |
_aVāsudēvan Nāyar, Eṃ. Ti., _d1933- _99426 |
|
| 245 | 0 |
_aPathiravum Pakalvelichavum / _cM T Vasudevan Nair |
|
| 260 |
_bD C Books, _aKottayam: _c2006. |
||
| 300 | _a116p | ||
| 650 | _aMalayalam Novel | ||
| 942 |
_cBK _2ddc _h894.8123 _iNAI/P _k894.8123 _mNAI/P |
||